| 000 | 00000nam##2200000za#4500 |
| 001 | 9.643592 |
| 003 | CaOODSP |
| 005 | 20210624224235 |
| 007 | cr ||||||||||| |
| 008 | 150407|2005||||xxc|||||o f|0| 0 fre|d |
| 040 | |aCaOODSP|bfre |
| 043 | |an-cn--- |
| 086 | 1 |aH46-2/05-401F-PDF |
| 110 | 1 |aCanada.|bSanté Canada. |bSécurité des produits de consommation. |
| 245 | 10|aQu'est-ce que ces symboles veulent dire? |h[ressource électronique] |
| 250 | |aRévisé |
| 260 | |aOttawa - Ontario : |bSanté Canada. |cMars 2005. |
| 300 | |a1p.|bfigures, ill. |
| 500 | |aLe n° de catalogue (H46-2/05-401) et l'ISBN (0-662-68851-1) de l'édition imprimée bilingue ont été incorrectement copiés dans l'édition électronique. |
| 590 | |a14-14-Supp|b2014-07-24 |
| 691 | 07|aProduit chimique|2gcpds |
| 691 | 07|aSécurité|2gcpds |
| 775 | 08|tDo you know what these symbols mean? |w(CaOODSP)9.699613 |
| 856 | 40|ahttp://publications.gc.ca|qPDF|s102 Ko|uhttps://publications.gc.ca/collections/collection_2014/sc-hc/H46-2-05-401-fra.pdf |